| 000 | 00497nam a2200169Ia 4500 | ||
|---|---|---|---|
| 008 | 180921t2010 xxu||||| |||| 00| 0 sin d | ||
| 041 | _asin | ||
| 080 |
_a79 _bDES |
||
| 100 | _aDeshapriya, Buddhika | ||
| 245 | _aසිරිලක කූරුල්ලෝ සහ සිවිපා සතූන් | ||
| 246 | _aSirilaka Kurullo saha Sivupa Sathun | ||
| 260 |
_bKarthru _aColombo 11 _c2010 |
||
| 300 | _a20, 30 cm | ||
| 942 | _cBK | ||
| 999 |
_c15600 _d15600 |
||
| 003 | LK-CoDNM | ||
| 040 |
_aLK-CoDNM _dLK-CoDNM _eLK-CoDNM |
||